The world’s greenest speeches (Record no. 526692)

000 -LEADER
fixed length control field 00253nam a22000977a 4500
082 ## - DEWEY DECIMAL CLASSIFICATION NUMBER
Classification number SNT A99 W893
100 ## - MAIN ENTRY--PERSONAL NAME
Personal name Khan, Sadeea
9 (RLIN) 46252
245 ## - TITLE STATEMENT
Title The world’s greenest speeches
Remainder of title By Khan Sadeea
260 ## - PUBLICATION, DISTRIBUTION, ETC. (IMPRINT)
Place of publication, distribution, etc New Delhi
Name of publisher, distributor, etc Lexicon
Date of publication, distribution, etc 2013
300 ## - PHYSICAL DESCRIPTION
Extent 655p

No items available.

Powered by Koha